| 000 | 01541cam a22003978i 4500 | ||
|---|---|---|---|
| 001 | 23478784 | ||
| 005 | 20250403163533.0 | ||
| 008 | 231222s2024 mau b 001 0 eng | ||
| 010 | _a 2023053314 | ||
| 020 | _a9780262549059 | ||
| 020 | _z9780262379861 | ||
| 020 | _z9780262379878 | ||
| 041 | _aeng | ||
| 042 | _apcc | ||
| 082 | 0 | 0 | _a005.7588 FIL |
| 100 | 1 | _aFilippi, Primavera De | |
| 245 | 1 | 0 | _aBlockchain Governance |
| 260 |
_aLondon _bMIT Press _c2024 |
||
| 263 | _a2407 | ||
| 264 | 1 |
_aCambridge, Massachusetts : _bThe MIT Press, _c[2024] |
|
| 300 | _a226;. pages: 18 cm | ||
| 336 |
_atext _btxt _2rdacontent |
||
| 337 |
_aunmediated _bn _2rdamedia |
||
| 338 |
_avolume _bnc _2rdacarrier |
||
| 504 | _aIncludes bibliographical references and index. | ||
| 520 | _a"Blockchain Governance offers an accessible, critical overview of legal and political issues related to blockchain technology. It moves beyond the hype, showing how blockchain offers a fertile ground for experimentation with radically new ways to govern people and institutions"-- | ||
| 650 | 0 | _aBlockchains (Databases) | |
| 650 | 0 | _aInternet governance. | |
| 650 | 0 | _aTechnology and law. | |
| 700 | 1 | _aReijers, Wessel, | |
| 700 | 1 | _aMannan, Morshed, | |
| 776 | 0 | 8 |
_iOnline version: _aDe Filippi, Primavera. _tBlockchain governance _dCambridge, Massachusetts : The MIT Press, [2024] _z9780262379861 _w(DLC) 2023053315 |
| 906 |
_a7 _bcbc _corignew _d1 _eecip _f20 _gy-gencatlg |
||
| 942 | _cBK | ||
| 999 |
_c43540 _d43540 |
||